00767nam a2200193Ia 4500003000900000008004100009020001800050040001600068080002000084111009400104245019600198260004700394300002300441650002000464650001900484650001300503700002800516700002900544IN-BaIIA211028s9999 xx 000 0 eng d a0-521-40119-7 cIIA Library a523.98-337bSCH aInternational Conference on Solar Magnetic FieldscFreiburg, Germanyd1993 June 29-July 2 0aSolar magnetic fieldsbproceedings of the international Conference on Solar magnetic fields, held in Freiburg, Germany, June 29- July 2, 1993cedited by Wolfgang Schmidt and Manfred Schussler aNew YorkbCambridge University Pressc1994 a[various pagings.] aMagnetic fields aSolar activity aSunspots aSchmidt, Wolfgang., ed. aSchussler, Manfred., ed.